| 000 | 00836nam a2200217 i 4500 | ||
|---|---|---|---|
| 001 | 39699 | ||
| 003 | ES-MaACL | ||
| 005 | 20250710063338.0 | ||
| 007 | t| | ||
| 008 | 030304s1878 sp ||||1| spa d | ||
| 100 | 1 |
_aCampo Arana, José, _d1847-1885 _934206 |
|
| 245 | 1 | 0 |
_aCuatro palabras sobre la última Junta General de la Asociación de Escritores y Artistas / _c[José Campo-Arana]. |
| 260 |
_aMadrid : _b[s.n.], _c1878 ( _fEst. Tip. de los Sres. J.C. Conde y Compañía) |
||
| 300 |
_a13 p. ; _c21 cm. |
||
| 530 | _aDisponible en formato digital. | ||
| 594 | _aAutor tomado de p. 13. | ||
| 710 | 2 |
_aAsociación de Escritores y Artistas Españoles. _91585 |
|
| 852 | 4 |
_aES-MaACL _jT-267-F-2 |
|
| 856 | 4 |
_uhttp://bdh-rd.bne.es/viewer.vm?id=0000047491&page=1 _zBiblioteca Digital Hispánica |
|
| 999 |
_c39699 _d39699 |
||